[Event "World Blitz Women 2025"]
[Site "Doha QAT"]
[Date "2025.12.29"]
[Round "6.29"]
[White "Khalilova, Madinabonu"]
[Black "Rakshitta, Ravi"]
[Result "1-0"]
[WhiteTitle "WCM"]
[BlackTitle "WGM"]
[WhiteElo "2241"]
[BlackElo "2381"]
[WhiteFideId "14223422"]
[BlackFideId "25073230"]
[EventDate "2025.12.29"]

1. d4 Nf6 2. c4 e6 3. Nf3 Nc6 4. g3 Bb4+ 5. Bd2 a5 6. a3 Bxd2+ 7. Nbxd2 d6 8.
Bg2 e5 9. d5 Nb8 10. O-O a4 11. Qc2 Nbd7 12. b4 axb3 13. Nxb3 O-O 14. Nfd2 b6
15. a4 Ne8 16. e4 Nc5 17. a5 bxa5 18. Nxc5 dxc5 19. Nb3 Nd6 20. Nxc5 Qe7 21. Nb3
a4 22. Nd2 Bd7 23. c5 Nb5 24. c6 Nd4 25. Qc4 Bg4 26. f3 Bh5 27. Rfb1 a3 28. Rb7
Qg5 29. f4 Ne2+ 30. Qxe2 Qh6 31. Qe3 Qf6 32. f5 Ra4 33. Rxa3 Rd4 34. Rab3 h6 35.
h3 Qd6 36. g4 Qc5 37. gxh5 Qc1+ 38. Nf1 Qc2 39. Rb2 Qa4 40. f6 Rd1 41. fxg7 Ra8
42. Rb8+ Rxb8 43. Rxb8+ Kxg7 44. Qg3+ Kf6 45. Qf2+ Ke7 46. Rh8 Qc4 47. Rxh6 Qc1
48. Qf6+ 1-0

[Event "World Blitz Women 2025"]
[Site "Doha QAT"]
[Date "2025.12.29"]
[Round "6.30"]
[White "Mamedjarova, Turkan"]
[Black "Zhapova, Yana"]
[Result "1/2-1/2"]
[WhiteTitle "WGM"]
[BlackTitle "FM"]
[WhiteElo "2216"]
[BlackElo "2260"]
[WhiteFideId "13402005"]
[BlackFideId "24278670"]
[EventDate "2025.12.29"]

1. d4 Nf6 2. Nf3 e6 3. Bf4 c5 4. e3 Nc6 5. c3 Be7 6. Bd3 O-O 7. h3 b6 8. O-O Bb7
9. Nbd2 h6 10. Rc1 Rc8 11. Qe2 cxd4 12. exd4 d6 13. Bb1 Re8 14. Ne4 Nd5 15. Bd2
Bf8 16. Qd3 f5 17. Ng3 Qd7 18. Rfe1 Nce7 19. Nh5 Ng6 20. c4 Nde7 21. Bxh6 Be4
22. Qb3 Qb7 23. Bg5 Bxf3 24. gxf3 Nc6 25. Qd3 Qf7 26. Ng3 Be7 27. Bxe7 Ncxe7 28.
f4 Nxf4 29. Qd2 Nxh3+ 30. Kg2 f4 31. Kxh3 fxg3 32. fxg3 Rf8 33. Rf1 Qh5+ 34. Kg2 1/2-1/2

[Event "World Blitz Women 2025"]
[Site "Doha QAT"]
[Date "2025.12.29"]
[Round "6.31"]
[White "Iudina, Veronika"]
[Black "Munkhzul, Turmunkh"]
[Result "1-0"]
[WhiteTitle "WFM"]
[BlackTitle "WGM"]
[WhiteElo "2204"]
[BlackElo "2271"]
[WhiteFideId "24277916"]
[BlackFideId "4901878"]
[EventDate "2025.12.29"]

1. e4 c5 2. c3 Nf6 3. e5 Nd5 4. Bc4 Nb6 5. Bb3 c4 6. Bc2 d6 7. Nf3 Nc6 8. exd6
Qxd6 9. O-O g6 10. d4 cxd3 11. Bxd3 Bg7 12. h3 O-O 13. Qe2 e5 14. Rd1 Qc7 15. a4
Be6 16. Nbd2 Nd5 17. Ne4 Nf4 18. Bxf4 exf4 19. Neg5 Bb3 20. Re1 h6 21. Ne4 Rad8
22. Nc5 Bd5 23. Be4 Rfe8 24. Qc2 Bxe4 25. Rxe4 Qb6 26. Rxe8+ Rxe8 27. Nd3 g5 28.
Rd1 Rd8 29. b4 Ne7 30. c4 Nf5 31. c5 Qe6 32. b5 Nd4 33. Nxd4 Rxd4 34. Re1 Qd7
35. c6 bxc6 36. bxc6 Qc7 37. Re8+ Bf8 38. Qc5 Rd6 39. Ne5 Kg7 40. Rxf8 Kxf8 41.
Nc4 Ke7 42. Qe5+ Kd8 43. Nxd6 Qxc6 44. Nxf7+ Kd7 45. Qd4+ Ke7 46. Ne5 Qa6 47.
Nf3 Kf7 48. Kh2 Kg6 49. Ne5+ Kf5 50. f3 Ke6 51. Ng4 Ke7 52. Qg7+ Kd8 53. Ne5
Qxa4 54. Qxh6 a5 55. Qxg5+ Kc7 56. Qe7+ Kb6 57. Qd6+ Kb7 58. Nd3 Qc4 59. Nc5+
Ka7 60. Qc7+ 1-0

[Event "World Blitz Women 2025"]
[Site "Doha QAT"]
[Date "2025.12.29"]
[Round "6.32"]
[White "Mkrtchyan, Mariam"]
[Black "Vaishali, Rameshbabu"]
[Result "1-0"]
[WhiteTitle "WIM"]
[BlackTitle "GM"]
[WhiteElo "2353"]
[BlackElo "2473"]
[WhiteFideId "13310828"]
[BlackFideId "5091756"]
[EventDate "2025.12.29"]

1. d4 Nf6 2. c4 c5 3. d5 b5 4. cxb5 a6 5. bxa6 e6 6. dxe6 fxe6 7. g3 d5 8. Bg2
Bd6 9. Nh3 O-O 10. O-O Bxa6 11. Nc3 Nc6 12. Re1 Qe8 13. Bf4 Bxf4 14. Nxf4 Kh8
15. Rc1 Ne5 16. Na4 c4 17. Nc5 Bc8 18. e4 d4 19. Qxd4 Nc6 20. Qxc4 e5 21. Nce6
Na5 22. Nc7 Nxc4 23. Nxe8 Nxe8 24. Nd3 Ncd6 25. Nxe5 Bb7 26. Nd7 Rf7 27. Nc5 Bc6
28. e5 Bxg2 29. Kxg2 Nf5 30. a4 h5 31. h4 Nd4 32. Rc4 Nc6 33. e6 Re7 34. b3 Na5
35. Rc3 Rc8 36. Re5 g6 37. b4 Nc6 38. Re4 Nd6 39. Rf4 Ne5 40. Ne4 Rxc3 41. Nxc3
Rxe6 42. b5 Nd3 43. Rf8+ Kg7 44. Rd8 Ne1+ 45. Kf1 Nc4 46. Rd7+ Kf8 47. Rd4 Na5
48. Nd5 Nf3 49. Rf4+ Kg7 50. Rxf3 Rd6 51. Nf4 Rd1+ 52. Kg2 Ra1 53. Ne6+ Kg8 54.
Rf8+ Kh7 55. Rf7+ Kh8 56. Ra7 Nc4 57. Nc5 Kg8 58. Rc7 Kh8 59. Rc6 Kh7 60. b6 Rb1
61. b7 Na5 62. Ra6 Nxb7 63. Ra7 Kh6 64. Rxb7 Ra1 65. Ra7 g5 66. hxg5+ Kxg5 67.
a5 h4 68. gxh4+ Kxh4 69. a6 1-0

[Event "World Blitz Women 2025"]
[Site "Doha QAT"]
[Date "2025.12.29"]
[Round "6.33"]
[White "Kamalidenova, Meruert"]
[Black "Priyanka, Nutakki"]
[Result "1-0"]
[WhiteTitle "IM"]
[BlackTitle "WGM"]
[WhiteElo "2366"]
[BlackElo "2292"]
[WhiteFideId "13712802"]
[BlackFideId "25049615"]
[EventDate "2025.12.29"]

1. e4 e6 2. d4 d5 3. e5 c5 4. c3 Qa5 5. dxc5 Qc7 6. Nf3 Bxc5 7. Bd3 Nc6 8. Qe2
f6 9. Bf4 g5 10. Bg3 g4 11. Nfd2 Nxe5 12. Bb5+ Bd7 13. Bxd7+ Kxd7 14. O-O Ne7
15. c4 Bd6 16. cxd5 Nxd5 17. Ne4 h5 18. Nbc3 Nxc3 19. bxc3 Ke7 20. Rfd1 Rad8 21.
Bh4 Rhf8 22. Rab1 b6 23. Bg3 Qc4 24. Qe3 Bc7 25. Re1 Rf7 26. Qh6 Nd3 27. Bh4 Be5
28. Re3 Nf4 29. Ng5 Qxa2 30. Rbe1 Qd5 31. Re4 Nd3 32. Nxf7 Nxe1 33. Nxe5 Qxe4
34. Qxf6+ Kd6 35. Qxd8+ Kxe5 36. Qc7+ Kf5 37. Qh7+ Ke5 38. Bg3+ Kd5 39. Qb7+ 1-0

[Event "World Blitz Women 2025"]
[Site "Doha QAT"]
[Date "2025.12.29"]
[Round "6.34"]
[White "Chen, Yining"]
[Black "Gong, Qianyun"]
[Result "0-1"]
[WhiteTitle "FM"]
[BlackTitle "WGM"]
[WhiteElo "2278"]
[BlackElo "2228"]
[WhiteFideId "8620946"]
[BlackFideId "8602425"]
[EventDate "2025.12.29"]

1. d4 Nf6 2. c4 g6 3. Nc3 Bg7 4. e4 d6 5. Be2 O-O 6. Nf3 Na6 7. O-O e5 8. Be3
Qe7 9. dxe5 dxe5 10. Nd5 Qd8 11. Nxf6+ Qxf6 12. a3 c5 13. Qc2 b6 14. Rfd1 Nc7
15. b4 Qe7 16. Nd2 Ne6 17. bxc5 bxc5 18. Nb3 Nd4 19. Bxd4 exd4 20. Bd3 Bd7 21.
a4 Rab8 22. Nd2 a5 23. Rdb1 Rb4 24. Rxb4 axb4 25. a5 Bc6 26. Nb3 Be5 27. Qe2 Bb8
28. a6 Re8 29. Qc2 Ba8 30. g3 h5 0-1

[Event "World Blitz Women 2025"]
[Site "Doha QAT"]
[Date "2025.12.29"]
[Round "6.35"]
[White "Mammadova, Gulnar"]
[Black "Krush, Irina"]
[Result "1/2-1/2"]
[WhiteTitle "IM"]
[BlackTitle "GM"]
[WhiteElo "2330"]
[BlackElo "2402"]
[WhiteFideId "13403508"]
[BlackFideId "2012782"]
[EventDate "2025.12.29"]

1. e4 c5 2. Nf3 e6 3. b3 Nc6 4. Bb2 d6 5. d4 cxd4 6. Nxd4 Nf6 7. Nd2 Bd7 8. Bd3
Be7 9. c4 O-O 10. O-O Nxd4 11. Bxd4 Bc6 12. Qe2 Nd7 13. Nf3 Bf6 14. Rad1 Qe7 15.
Bc2 Ne5 16. Ne1 Rfd8 17. f4 Ng6 18. Be3 a6 19. a4 Qc7 20. Nf3 b5 21. Qf2 Qb7 22.
cxb5 axb5 23. Bb6 bxa4 24. Bxd8 Bxd8 25. Qd2 axb3 26. Bb1 Bxe4 27. Qxd6 Be7 28.
Qd4 Bxb1 29. Rxb1 Bf6 30. Ne5 b2 31. Rxb2 Qc7 32. Re2 h6 33. Qe4 Qa7+ 34. Kh1
Bxe5 35. fxe5 Rd8 36. h3 Rd5 37. Qc2 Rxe5 38. Rxe5 Nxe5 39. Qe4 Qc5 40. Re1 Ng6
41. Rf1 Ne5 42. Re1 Ng6 43. Rf1 Ne5 1/2-1/2

[Event "World Blitz Women 2025"]
[Site "Doha QAT"]
[Date "2025.12.29"]
[Round "6.36"]
[White "Yu, Jennifer"]
[Black "Yakubbaeva, Nilufar"]
[Result "1-0"]
[WhiteTitle "FM"]
[BlackTitle "WGM"]
[WhiteElo "2276"]
[BlackElo "2229"]
[WhiteFideId "2078341"]
[BlackFideId "14204487"]
[EventDate "2025.12.29"]

1. c4 e6 2. Nc3 d5 3. e3 Nf6 4. Nf3 Be7 5. b3 O-O 6. Bb2 c5 7. cxd5 exd5 8. d4
Nc6 9. dxc5 Bxc5 10. Be2 d4 11. exd4 Nxd4 12. Nxd4 Bxd4 13. O-O Be6 14. Bf3 Rc8
15. Rc1 b6 16. Qe2 Qe7 17. Nd5 Nxd5 18. Bxd4 Qg5 19. Rxc8 Rxc8 20. Kh1 h6 21.
Re1 Nf4 22. Qe3 Bd5 23. Bxd5 Nxd5 24. Qxg5 hxg5 25. h3 Rc2 26. a4 f6 27. Re8+
Kh7 28. Rd8 Nf4 29. Rd7 Rd2 30. Rd8 Ne2 31. Bxf6 Rxd8 32. Bxd8 Nc1 33. b4 Nd3
34. a5 bxa5 35. bxa5 Nxf2+ 36. Kh2 Kg6 37. Bb6 Ne4 38. Bxa7 Nd6 39. Bb8 Nc8 40.
a6 Kf5 41. a7 Nb6 42. g4+ Ke4 43. Kg3 Na8 44. Bd6 Kd5 45. Be7 Kc6 46. Bxg5 Kb7
47. Be3 Nc7 48. h4 Nd5 49. Bg1 Nf6 50. g5 Nd7 51. h5 Nf8 52. Kg4 Ne6 53. Kf5 Nc7
54. Kg6 Ne6 55. Bf2 Nf4+ 56. Kxg7 Nxh5+ 57. Kh6 Nf4 58. Be3 Nd5 59. Bg1 Ne7 60.
Bc5 Nf5+ 61. Kh7 Nh4 62. Bf2 Nf5 63. g6 Nd6 64. g7 Ne8 65. g8=N Nf6+ 66. Nxf6
Ka8 67. Nd5 Kb7 68. Nc7 Kxc7 1-0

[Event "World Blitz Women 2025"]
[Site "Doha QAT"]
[Date "2025.12.29"]
[Round "6.37"]
[White "Bulmaga, Irina"]
[Black "Fataliyeva, Ulviyya"]
[Result "1/2-1/2"]
[WhiteTitle "IM"]
[BlackTitle "IM"]
[WhiteElo "2389"]
[BlackElo "2434"]
[WhiteFideId "13903063"]
[BlackFideId "13403052"]
[EventDate "2025.12.29"]

1. e4 c5 2. Nf3 e6 3. c3 Nf6 4. e5 Nd5 5. d4 cxd4 6. cxd4 d6 7. Bc4 Be7 8. O-O
O-O 9. Qe2 Bd7 10. Nc3 Nxc3 11. bxc3 Bc6 12. exd6 Bxd6 13. Ne5 Bxe5 14. dxe5 Nd7
15. Re1 Rc8 16. Bd3 Nc5 17. Rd1 Nxd3 18. Rxd3 Bb5 19. Rxd8 Bxe2 20. Rxc8 Rxc8
21. Be3 b6 22. Bd4 Kf8 23. f3 Ke7 24. Kf2 Bc4 25. Ke3 Bd5 26. a3 1/2-1/2

[Event "World Blitz Women 2025"]
[Site "Doha QAT"]
[Date "2025.12.29"]
[Round "6.38"]
[White "Kiolbasa, Oliwia"]
[Black "Vo, Thi Kim Phung"]
[Result "0-1"]
[WhiteTitle "IM"]
[BlackTitle "WGM"]
[WhiteElo "2397"]
[BlackElo "2322"]
[WhiteFideId "1154613"]
[BlackFideId "12401838"]
[EventDate "2025.12.29"]

1. e4 e6 2. d4 d5 3. e5 c5 4. c3 Nc6 5. Nf3 Bd7 6. Be2 Nge7 7. O-O Nf5 8. g3
cxd4 9. cxd4 Qb6 10. Nc3 Nfxd4 11. Nxd4 Qxd4 12. Qb3 Qb4 13. Nb5 Rc8 14. Qe3 a6
15. a3 Qc5 16. Nd6+ Bxd6 17. exd6 Qxd6 18. b4 O-O 19. f4 d4 20. Qd3 Rfd8 21. Bb2
Be8 22. Rac1 f6 23. Bg4 Bg6 24. Qc4 Bf7 25. Rfd1 f5 26. Bf3 e5 27. fxe5 Qxe5 28.
Qd3 Bd5 29. Rc5 Qe6 30. Bxd5 Rxd5 31. Kf2 Rxc5 32. bxc5 Rd8 33. Re1 Qd5 34. Re2
h6 35. Bc1 Ne5 36. Qd2 d3 37. Re1 Nf3 38. Qc3 Nxe1 39. Bb2 Rd7 40. Kxe1 Qe4+ 41.
Kd1 Qe2+ 42. Kc1 d2+ 0-1

[Event "World Blitz Women 2025"]
[Site "Doha QAT"]
[Date "2025.12.29"]
[Round "6.39"]
[White "Jarocka, Liwia"]
[Black "Khamdamova, Afruza"]
[Result "1/2-1/2"]
[WhiteTitle "FM"]
[BlackTitle "WGM"]
[WhiteElo "2258"]
[BlackElo "2403"]
[WhiteFideId "21807558"]
[BlackFideId "14210444"]
[EventDate "2025.12.29"]

1. e4 e5 2. Nf3 Nc6 3. Bc4 Nf6 4. d3 Bc5 5. Nc3 a6 6. Be3 d6 7. a4 h6 8. h3 Rb8
9. Qd2 Qe7 10. Bxc5 dxc5 11. Nd5 Nxd5 12. Bxd5 Nb4 13. Bb3 O-O 14. O-O Be6 15.
Bxe6 Qxe6 16. c3 Nc6 17. Qe3 b6 18. Rfd1 Rbd8 19. d4 cxd4 20. cxd4 exd4 21. Nxd4
Nxd4 22. Rxd4 c5 23. Rd3 Qf6 24. Rb3 Rd4 25. e5 Qe6 26. a5 b5 27. Rc3 Qd5 28.
Re1 Re8 29. b3 Re6 30. Qf3 Rxe5 31. Rxe5 Qxe5 32. Re3 Qf4 33. Qxf4 Rxf4 34. Re5
c4 35. bxc4 Rxc4 36. Re8+ Kh7 37. Ra8 Rc6 38. Ra7 Kg6 39. f3 Kf6 40. Kf2 Ke6 41.
Ke3 g6 42. g4 f5 43. Kd4 fxg4 44. fxg4 Rc4+ 45. Kd3 Rc6 46. Kd4 Kf6 47. h4 Rc4+
48. Kd3 Rxg4 49. Rxa6+ Kf5 50. Rb6 Rb4 51. h5 gxh5 52. Rxh6 Kg5 53. Rb6 h4 54.
Ke2 Kg4 55. Kf2 Kh3 56. a6 Rb2+ 57. Kg1 Rb1+ 58. Kf2 Ra1 59. Rxb5 Rxa6 60. Rb3+
Kh2 61. Rb2 h3 62. Kf1+ Kh1 63. Rb5 Rf6+ 64. Ke2 Rg6 65. Kf1 Rf6+ 66. Ke2 Rf7
67. Rg5 Kh2 68. Ke1 Rf3 69. Ke2 Ra3 70. Rg4 Rg3 71. Rf4 Rg2+ 72. Kf1 Rg1+ 73.
Kf2 Rg2+ 74. Kf1 Kg3 75. Rf8 Ra2 76. Rg8+ Kh2 77. Rg7 Rg2 78. Rf7 Rg5 79. Rf2+
Kh1 80. Rf3 Kh2 81. Rf2+ Kg3 82. Kg1 Rd5 83. Rf1 Rd3 84. Kh1 Rc3 85. Rg1+ Kh4
86. Rf1 Rd3 87. Rg1 Rd2 88. Rf1 Rc2 89. Re1 Rg2 90. Rd1 Rb2 91. Re1 Rb3 92. Ra1
Kg3 93. Rg1+ 1/2-1/2

[Event "World Blitz Women 2025"]
[Site "Doha QAT"]
[Date "2025.12.29"]
[Round "6.40"]
[White "Bivol, Alina"]
[Black "Ismayil, Malak"]
[Result "1-0"]
[WhiteTitle "IM"]
[BlackTitle "WIM"]
[WhiteElo "2360"]
[BlackElo "2138"]
[WhiteFideId "4100123"]
[BlackFideId "13412604"]
[EventDate "2025.12.29"]

1. e4 e5 2. Nf3 Nc6 3. Nc3 Nf6 4. h3 d5 5. Bb5 dxe4 6. Nxe5 Qd6 7. d4 Bd7 8.
Bxc6 Bxc6 9. Bf4 Qe6 10. O-O Bb4 11. Qe2 O-O-O 12. Rfd1 Ba5 13. a3 Bb6 14. Be3
Ne8 15. b4 f6 16. Nc4 f5 17. a4 f4 18. Nxb6+ axb6 19. Bxf4 Nf6 20. a5 bxa5 21.
Rxa5 Nd5 22. Nxd5 Bxd5 23. Qb5 Bc6 24. Qg5 Qf6 25. Ra8+ Kd7 26. Qg4+ Qe6 27.
Qxg7+ 1-0

[Event "World Blitz Women 2025"]
[Site "Doha QAT"]
[Date "2025.12.29"]
[Round "6.41"]
[White "Nomin-Erdene, Davaademberel"]
[Black "Mgeladze, Kesaria"]
[Result "1-0"]
[WhiteTitle "IM"]
[BlackTitle "WIM"]
[WhiteElo "2312"]
[BlackElo "2195"]
[WhiteFideId "4900782"]
[BlackFideId "13621130"]
[EventDate "2025.12.29"]

1. f4 Nf6 2. Nf3 g6 3. g3 Bg7 4. Bg2 O-O 5. O-O c5 6. d3 d5 7. c3 Nc6 8. Na3 Rb8
9. Ne5 Be6 10. Nc2 Qc7 11. Nxc6 bxc6 12. e4 c4 13. e5 cxd3 14. Qxd3 Bf5 15. Qe2
Bg4 16. Qe3 Nd7 17. h3 Be6 18. Nd4 c5 19. Nxe6 fxe6 20. h4 c4 21. Qe2 Nc5 22.
Be3 Nd3 23. b4 a5 24. a3 axb4 25. axb4 Ra8 26. Bh3 Qc6 27. h5 Ra6 28. Rxa6 Qxa6
29. Bd4 Ra8 30. Qg4 Kf7 31. Qh4 Qa2 32. h6 Bh8 33. f5 exf5 34. Bxf5 gxf5 35.
Qh5+ Kf8 36. Rxf5+ Bf6 37. exf6 e6 38. Qg5 Qb1+ 39. Rf1 Qxf1+ 40. Kxf1 Ra1+ 41.
Kg2 Ra2+ 42. Kh3 Nf2+ 43. Bxf2 1-0

[Event "World Blitz Women 2025"]
[Site "Doha QAT"]
[Date "2025.12.29"]
[Round "6.42"]
[White "Zherebtsova, Alexandra"]
[Black "Girya, Olga"]
[Result "0-1"]
[WhiteTitle "FM"]
[BlackTitle "GM"]
[WhiteElo "2307"]
[BlackElo "2398"]
[WhiteFideId "24129518"]
[BlackFideId "4195752"]
[EventDate "2025.12.29"]

1. d4 Nf6 2. Bf4 e6 3. e3 c5 4. Nd2 cxd4 5. exd4 b6 6. Ngf3 Be7 7. h3 O-O 8. Bd3
Ba6 9. Qe2 Bxd3 10. Qxd3 Nc6 11. c3 d5 12. O-O Qc8 13. Rfe1 a5 14. a4 Qa6 15.
Qxa6 Rxa6 16. Bg5 Bd6 17. Bxf6 gxf6 18. Ra2 Rb8 19. Rea1 Ra7 20. Ne1 Rab7 21.
Nd3 e5 22. Nb3 e4 23. Ndc1 f5 24. g3 f4 25. gxf4 Bxf4 26. Ne2 Bd6 27. Ng3 Bxg3
28. fxg3 Re7 29. Kf2 Re6 30. Rf1 Rf6+ 31. Ke2 Kg7 32. Raa1 Ne7 33. Nd2 Rc8 34.
g4 Ng6 35. Ke3 Rcc6 36. Rae1 Ne7 37. Rd1 Nc8 38. c4 Rxf1 39. Rxf1 dxc4 40. Nxe4
Ne7 41. Rc1 Nd5+ 42. Ke2 Nf4+ 43. Kf3 Nd3 44. Rc3 Nxb2 45. d5 Rc8 46. Nd6 Rc5
47. Nb7 Rxd5 48. Ke4 Rd7 0-1

[Event "World Blitz Women 2025"]
[Site "Doha QAT"]
[Date "2025.12.29"]
[Round "6.43"]
[White "Dzagnidze, Nana"]
[Black "Zhurova, Anna"]
[Result "1-0"]
[WhiteTitle "GM"]
[BlackTitle "WFM"]
[WhiteElo "2469"]
[BlackElo "2299"]
[WhiteFideId "13601903"]
[BlackFideId "54113075"]
[EventDate "2025.12.29"]

1. d4 Nf6 2. c4 c5 3. d5 b5 4. cxb5 a6 5. e3 e6 6. Nc3 exd5 7. Nxd5 Bb7 8. Nxf6+
Qxf6 9. Nf3 Be7 10. Bd2 Qxb2 11. a4 O-O 12. Rc1 Qf6 13. Bc3 Qe6 14. Be2 axb5 15.
axb5 d5 16. O-O Nd7 17. Qc2 h6 18. h3 Rfc8 19. Rfd1 Bf6 20. Ne1 d4 21. Bg4 Qe7
22. Bd2 Rd8 23. Nd3 Ne5 24. Nxc5 Nxg4 25. hxg4 dxe3 26. Bxe3 Rxd1+ 27. Qxd1 Rd8
28. Qb3 Bd5 29. Qb1 Be5 30. Qf5 Bb8 31. g5 g6 32. Qg4 h5 33. Qh4 Qe5 34. Rd1 Rc8
35. Bd4 Qc7 36. Re1 Qf4 37. Qxf4 Bxf4 38. Bf6 Ba8 39. b6 Rb8 40. b7 Bxb7 41.
Nxb7 Bxg5 42. Bxg5 f6 43. Bxf6 Rxb7 44. Rd1 Kf7 45. Bg5 Ke6 46. Kh2 Rb2 47. Be3
Rb7 48. Ra1 Kf5 49. Kg3 Kf6 50. Ra6+ Kf7 51. Kh4 Kg7 52. Ra7 Rxa7 53. Bxa7 Kh6
54. Be3+ Kg7 55. Kg5 Kf7 56. Bd4 1-0

[Event "World Blitz Women 2025"]
[Site "Doha QAT"]
[Date "2025.12.29"]
[Round "6.44"]
[White "Kairbekova, Amina"]
[Black "Khotenashvili, Bella"]
[Result "1-0"]
[WhiteTitle "WGM"]
[BlackTitle "GM"]
[WhiteElo "2353"]
[BlackElo "2426"]
[WhiteFideId "13712799"]
[BlackFideId "13602640"]
[EventDate "2025.12.29"]

1. e4 c6 2. d4 g6 3. Nf3 Bg7 4. Nc3 d5 5. e5 Nh6 6. h3 O-O 7. Bf4 f6 8. Qd2 Nf7
9. O-O-O b5 10. Re1 a5 11. h4 h5 12. Bd3 f5 13. e6 Nd6 14. Ne5 Rf6 15. Bh6 Bxe6
16. Bg5 Ne4 17. Bxe4 dxe4 18. Bxf6 Bxf6 19. Qh6 Bf7 20. Nxf7 Kxf7 21. Qh7+ Bg7
22. Nxe4 fxe4 23. Rxe4 Qd6 24. Rh3 Nd7 25. Rhe3 Re8 26. Re6 Qxd4 27. Qxg6+ Kf8
28. c3 Qg4 29. Qxg4 hxg4 30. Rxc6 b4 31. Kc2 bxc3 32. bxc3 Bf6 33. h5 Ne5 34.
Rc5 a4 35. Rcxe5 Bxe5 36. Rxe5 Kg7 37. Rg5+ Kh6 38. Rxg4 Kxh5 39. Rxa4 1-0

[Event "World Blitz Women 2025"]
[Site "Doha QAT"]
[Date "2025.12.29"]
[Round "6.45"]
[White "Kirtadze, Anastasia"]
[Black "Kulon, Klaudia"]
[Result "1/2-1/2"]
[WhiteTitle "WIM"]
[BlackTitle "IM"]
[WhiteElo "2281"]
[BlackElo "2335"]
[WhiteFideId "13622714"]
[BlackFideId "1131044"]
[EventDate "2025.12.29"]

1. e4 d5 2. exd5 Qxd5 3. Nc3 Qd8 4. d4 Nf6 5. Nf3 g6 6. g3 Bg7 7. Bg2 O-O 8. O-O
Nc6 9. h3 e6 10. Ne2 Ne7 11. c4 c6 12. Be3 h6 13. g4 Kh7 14. Qc2 Bd7 15. Rad1
Rc8 16. Ne5 Be8 17. f4 Nd7 18. b4 b5 19. Bc1 bxc4 20. Qxc4 Nxe5 21. fxe5 Nd5 22.
Rf2 a5 23. a3 axb4 24. axb4 Rb8 25. Bd2 Qe7 26. Rdf1 Bd7 27. Bxd5 cxd5 28. Qc5
Qxc5 29. bxc5 Bb5 30. Re1 Kg8 31. Nc3 Bc4 32. Re3 Rb2 33. Ref3 Rbb8 34. Na4 Bb5
35. Nb6 Rb7 36. h4 Rfb8 37. g5 h5 38. Bf4 Be8 39. Rb2 Ra7 40. Rc3 Bc6 41. Rcb3
Rd8 42. Kf2 Bf8 43. Rc3 Be7 44. Rcc2 Rb8 45. Ra2 Rbb7 46. Bd2 Bd8 47. Rxa7 Rxa7
48. Rb2 Bxb6 49. cxb6 Rb7 50. Ba5 Kf8 51. Rc2 Bd7 52. Rc5 Ke8 53. Ke2 Ba4 54.
Kd2 Kd7 55. Kc3 Bc6 56. Kb4 Rb8 57. Rc1 Ra8 58. Rc3 Rb8 59. Kc5 Rc8 60. Kb4 Rb8
61. Rc1 Ra8 62. Ra1 Rb8 63. Rc1 Ra8 1/2-1/2

[Event "World Blitz Women 2025"]
[Site "Doha QAT"]
[Date "2025.12.29"]
[Round "6.46"]
[White "Serikbay, Assel"]
[Black "Vantika, Agrawal"]
[Result "0-1"]
[WhiteTitle "WIM"]
[BlackTitle "IM"]
[WhiteElo "2221"]
[BlackElo "2369"]
[WhiteFideId "13706799"]
[BlackFideId "25050389"]
[EventDate "2025.12.29"]

1. d4 Nf6 2. c4 e6 3. Nc3 Bb4 4. e3 c5 5. a3 Bxc3+ 6. bxc3 b6 7. Nf3 Bb7 8. Bd3
d6 9. O-O Nc6 10. Qe2 Qe7 11. e4 e5 12. d5 Na5 13. Nh4 g6 14. g3 Nh5 15. Ng2
O-O-O 16. Rb1 Kb8 17. f4 exf4 18. Nxf4 Nf6 19. Nh3 Nd7 20. Bg5 f6 21. Be3 Ne5
22. Nf4 Bc8 23. Rb5 Bd7 24. Rfb1 Ka8 25. Qf1 g5 26. Ng2 Bxb5 27. cxb5 Nxd3 28.
Qxd3 Rde8 29. Rf1 Rhf8 30. h4 h6 31. Bc1 Qxe4 32. Qxe4 Rxe4 33. hxg5 hxg5 34.
Bxg5 Re5 35. Bh6 Rh8 36. Rxf6 Rxd5 37. Ne3 Rh5 38. Bf4 d5 39. Nf5 Nc4 40. Ne7
Rh1+ 41. Kg2 R1h2+ 42. Kf3 R2h5 43. Nc6 R5h7 44. Rf5 Nxa3 45. Rxd5 Nxb5 46. c4
Nd4+ 47. Nxd4 cxd4 48. Rxd4 Rc8 49. g4 Kb7 50. g5 a5 51. Kg4 a4 52. g6 Rg7 53.
Kg5 Rc6 54. Bd6 a3 55. Bxa3 Rgxg6+ 56. Kf5 Rg7 57. Re4 Rf7+ 58. Ke5 Rfc7 59. Kd5
Rd7+ 60. Ke5 Rc8 61. Rg4 Rdc7 62. Kd5 Rd8+ 63. Ke6 Re8+ 64. Kf6 Re3 65. Bd6 Rd7
66. Rd4 Re8 67. Be5 Rxd4 68. Bxd4 Kc6 69. Kf5 Re2 70. Kf4 Rc2 0-1

[Event "World Blitz Women 2025"]
[Site "Doha QAT"]
[Date "2025.12.29"]
[Round "6.47"]
[White "Machlik, Monika"]
[Black "Mammadzada, Gunay"]
[Result "0-1"]
[BlackTitle "IM"]
[WhiteElo "2084"]
[BlackElo "2390"]
[WhiteFideId "1513621"]
[BlackFideId "13403729"]
[EventDate "2025.12.29"]

1. d4 Nf6 2. c4 e6 3. Nc3 Bb4 4. Qc2 d5 5. a3 Bxc3+ 6. Qxc3 O-O 7. Nf3 dxc4 8.
Qxc4 b6 9. Bg5 Bb7 10. e3 h6 11. Bh4 Nbd7 12. Be2 Bd5 13. Qa4 c5 14. Bxf6 Nxf6
15. dxc5 bxc5 16. O-O Qb6 17. b4 c4 18. Rac1 Rfc8 19. Rfd1 Ne4 20. Rd4 c3 21.
Rd3 a5 22. Nd4 Bc4 23. Rdd1 Bxe2 24. Nxe2 axb4 25. Qxb4 Qxb4 26. axb4 Ra2 27.
Re1 c2 28. Nd4 Rb2 29. f3 Nd2 30. Nxc2 Rbxc2 31. Rxc2 Rxc2 32. Rd1 Rb2 33. b5
Nc4 34. Rd8+ Kh7 35. Rd7 Kg6 36. Rb7 Nxe3 37. b6 Rxg2+ 38. Kh1 Rf2 39. Rb8 Rf1# 0-1

[Event "World Blitz Women 2025"]
[Site "Doha QAT"]
[Date "2025.12.29"]
[Round "6.48"]
[White "Gaboyan, Susanna"]
[Black "Bayasgalan, Khishigbaatar"]
[Result "1-0"]
[WhiteTitle "WIM"]
[BlackTitle "WCM"]
[WhiteElo "2182"]
[BlackElo "2249"]
[WhiteFideId "13303627"]
[BlackFideId "4904311"]
[EventDate "2025.12.29"]

1. Nf3 d5 2. g3 Nf6 3. Bg2 e6 4. O-O Be7 5. d3 O-O 6. Nbd2 Nc6 7. e4 dxe4 8.
dxe4 e5 9. Qe2 Be6 10. c3 Qc8 11. Nc4 Nd7 12. Ng5 Bxg5 13. Bxg5 Nb6 14. Nd2 f6
15. Be3 Rd8 16. a4 Na5 17. f4 Nac4 18. fxe5 Nxd2 19. Bxd2 Bc4 20. Qf2 Bxf1 21.
Rxf1 fxe5 22. Qf7+ Kh8 23. Bh6 Qg4 24. Bh3 Qg6 25. Qxg6 hxg6 26. Bg5 Rf8 27. Rd1
Rae8 28. a5 Nc4 29. Rd7 Nxa5 30. Rxc7 Kg8 31. b4 Nb3 32. Rxb7 Rf7 33. Rb5 Rc8
34. Bxc8 Rc7 35. Be6+ Kh7 36. Bxb3 Rxc3 37. Bd5 Rd3 38. Rb7 Ra3 39. Bf6 Kh6 40.
Rxg7 Kh5 41. Be6 g5 42. Bf5 1-0

[Event "World Blitz Women 2025"]
[Site "Doha QAT"]
[Date "2025.12.29"]
[Round "6.49"]
[White "Atalik, Ekaterina"]
[Black "Gu, Xiaobing"]
[Result "0-1"]
[WhiteTitle "IM"]
[BlackTitle "WGM"]
[WhiteElo "2349"]
[BlackElo "2106"]
[WhiteFideId "4130189"]
[BlackFideId "8602611"]
[EventDate "2025.12.29"]

1. Nf3 Nf6 2. g3 g6 3. Bg2 Bg7 4. c4 O-O 5. O-O d6 6. d3 e5 7. Nc3 c6 8. e4 Na6
9. h3 Re8 10. Ne1 Nc5 11. Nc2 a5 12. Be3 Ne6 13. d4 Qe7 14. d5 cxd5 15. cxd5 Nc5
16. Rb1 b6 17. a3 Ba6 18. b4 Bxf1 19. Kxf1 axb4 20. axb4 Na4 21. Nxa4 Rxa4 22.
Bxb6 Qb7 23. Be3 Rc8 24. b5 Ra2 25. Ne1 Nd7 26. Kg1 Nb6 27. Nd3 Nc4 28. Nb4 Nxe3
29. fxe3 Ra4 30. Nc6 Ra3 31. Qc1 Rca8 32. Kh2 Qb6 33. Rb2 Bh6 34. Rf2 Bxe3 35.
Ne7+ Kg7 36. Qc6 Bxf2 0-1